[Event "Agen_2017-Accession"]
[Site "Agen"]
[Date "2017.08.19"]
[Round "3.17"]
[White "Guidez, Yann-Michael"]
[Black "Mancini, Mario"]
[Result "1-0"]
[WhiteElo "2271"]
[BlackElo "2199"]
[PlyCount "51"]
[EventDate "2017.08.??"]
[EventType "swiss"]
[EventRounds "9"]
[EventCountry "FRA"]
[WhiteTeam "Echiquier Bordelais"]
[BlackTeam "Cercle d'Echecs de Villepinte"]

1. e4 c5 2. Nf3 e6 3. g3 d6 4. Bg2 Nf6 5. d3 Nc6 6. O-O Be7 7. Re1 O-O 8. c3 e5
9. h3 Bd7 10. d4 cxd4 11. cxd4 Rc8 12. Nc3 h6 13. Be3 a6 14. dxe5 dxe5 15. Nd5
Nxd5 16. exd5 Nb4 17. Nxe5 Nc2 18. d6 Bf6 19. Bb6 Qxb6 20. Nxd7 Qd8 21. Nxf6+
gxf6 22. Bxb7 Rc5 23. Rc1 Nxe1 24. Rxc5 Qb8 25. Qg4+ Kh8 26. Rh5 1-0

[Event "Agen_2017-Accession"]
[Site "Agen"]
[Date "2017.08.19"]
[Round "3.18"]
[White "Hutois, Mickael"]
[Black "Meunier, Clement"]
[Result "1-0"]
[WhiteElo "2207"]
[BlackElo "2269"]
[PlyCount "57"]
[EventDate "2017.08.??"]
[EventType "swiss"]
[EventRounds "9"]
[EventCountry "FRA"]
[WhiteTeam "Echiquier de l'Erdre"]
[BlackTeam "Echiquier Orangeois"]

1. e4 e5 2. Nf3 Nc6 3. Bc4 Bc5 4. c3 Nf6 5. d3 a6 6. O-O Ba7 7. Bb3 O-O 8. Re1
Re8 9. Nbd2 d5 10. exd5 Nxd5 11. d4 Bg4 12. h3 Bh5 13. Nf1 e4 14. Ng3 Bg6 15.
Nd2 e3 16. fxe3 Nxe3 17. Qf3 Nxd4 18. cxd4 Qxd4 19. Kh1 Nc2 20. Rf1 Nxa1 21.
Bxf7+ Bxf7 22. Qxf7+ Kh8 23. Nde4 Qd5 24. Bg5 Nc2 25. Nh5 Rg8 26. Bf6 Qxh5 27.
Qxh5 gxf6 28. Nxf6 Rg7 29. Ne8 1-0

[Event "Agen_2017-Accession"]
[Site "Agen"]
[Date "2017.08.19"]
[Round "3.19"]
[White "Touzane, Olivier"]
[Black "Feryn, Benjamin"]
[Result "0-1"]
[WhiteElo "2264"]
[BlackElo "2153"]
[PlyCount "118"]
[EventDate "2017.08.??"]
[EventType "swiss"]
[EventRounds "9"]
[EventCountry "FRA"]
[WhiteTeam "Echecs Club Montpellier"]
[BlackTeam "L'Echiquier Cappellois"]

1. c4 Nf6 2. Nf3 g6 3. g3 Bg7 4. Bg2 O-O 5. Nc3 d6 6. O-O Nc6 7. Rb1 e5 8. d3
d5 9. cxd5 Nxd5 10. Bd2 Nxc3 11. bxc3 Rb8 12. Qa4 Bd7 13. Bg5 Qc8 14. Qh4 b6
15. Nd2 f6 16. Be3 Ne7 17. Qc4+ Be6 18. Qe4 Nd5 19. Rfc1 Nxe3 20. fxe3 Bh6 21.
Nf1 a5 22. c4 c5 23. Qc6 Qxc6 24. Bxc6 Rfd8 25. Rc2 Rd6 26. Bg2 f5 27. Rcb2 Bd7
28. Kf2 f4 29. Bd5+ Kh8 30. e4 fxg3+ 31. hxg3 Rf8+ 32. Kg2 Rff6 33. Nh2 Be3 34.
Nf3 Bg4 35. Rf1 Bxf3+ 36. exf3 g5 37. Re2 Bd4 38. Kh3 Kg7 39. Kg4 Kg6 40. Rh2
h6 41. a4 Be3 42. Bb7 Rxd3 43. Bc8 Rd4 44. Bf5+ Rxf5 45. Rxh6+ Kxh6 46. Kxf5
Rxc4 47. Kf6 Rc1 48. Rxc1 Bxc1 49. Kxe5 Kg6 50. f4 c4 51. f5+ Kf7 52. Kd4 Kf6
53. g4 Bb2+ 54. Kxc4 Ke5 55. Kb5 Kxe4 56. Kxb6 Bc3 57. f6 Bxf6 58. Kxa5 Bc3+
59. Kb5 Kf4 0-1

[Event "Agen_2017-Accession"]
[Site "Agen"]
[Date "2017.08.19"]
[Round "3.20"]
[White "Lallement, Victor"]
[Black "Devallee, Jeremie"]
[Result "1/2-1/2"]
[WhiteElo "2200"]
[BlackElo "2258"]
[PlyCount "114"]
[EventDate "2017.08.??"]
[EventType "swiss"]
[EventRounds "9"]
[EventCountry "FRA"]
[WhiteTeam "Echiquier Centre Vaucluse "]
[BlackTeam "Chartres Metropole Echecs"]

1. d4 Nf6 2. c4 c5 3. d5 b5 4. Qc2 Na6 5. a3 Nc7 6. e4 bxc4 7. Bxc4 e6 8. Nc3
exd5 9. exd5 d6 10. Nge2 Be7 11. b4 O-O 12. O-O Rb8 13. Rb1 Ba6 14. b5 Bb7 15.
Rd1 Re8 16. Ng3 g6 17. h3 Nd7 18. Bf4 f5 19. Na4 Na8 20. Ba2 Nab6 21. Nxb6 axb6
22. Rb3 Bf8 23. Bb1 Qf6 24. Bc1 Qf7 25. Re3 Rxe3 26. fxe3 Bg7 27. Rf1 Be5 28.
Ne2 Bxd5 29. Nc3 Bc4 30. Rf2 Nf6 31. Bb2 d5 32. Nxd5 Bxb2 33. Qxc4 Qxd5 34.
Qxd5+ Nxd5 35. Ba2 Bxa3 36. Bxd5+ Kg7 37. e4 Bc1 38. Ra2 Be3+ 39. Kf1 Kf6 40.
Ke2 Bg5 41. exf5 Kxf5 42. Ra8 Rxa8 43. Bxa8 c4 44. Bd5 c3 45. Kd3 Bf6 46. Bc6
Ke6 47. Bf3 Kd6 48. Kc2 Kc5 49. Bc6 Kd4 50. Be8 Ke3 51. Bc6 Kf2 52. Bd5 g5 53.
Bc6 h5 54. Bb7 Kg3 55. Bc6 g4 56. hxg4 h4 57. g5 Bxg5 1/2-1/2

[Event "Agen_2017-Accession"]
[Site "Agen"]
[Date "2017.08.19"]
[Round "3.21"]
[White "Rodriguez, Adrien"]
[Black "Flachet, Thierry"]
[Result "1-0"]
[WhiteElo "2252"]
[BlackElo "2104"]
[PlyCount "85"]
[EventDate "2017.08.??"]
[EventType "swiss"]
[EventRounds "9"]
[EventCountry "FRA"]
[WhiteTeam "Lutèce Echecs"]
[BlackTeam "Cercle d'échecs des Sables d'Olonne"]

1. d4 d5 2. c4 c6 3. Nc3 Nf6 4. Nf3 a6 5. g3 g6 6. Bg2 Bg7 7. O-O O-O 8. cxd5
cxd5 9. Ne5 e6 10. Qb3 Nbd7 11. Nxd7 Nxd7 12. Rd1 Qb6 13. e4 dxe4 14. Nxe4 Qxb3
15. axb3 Nb6 16. Nc3 Rd8 17. Be3 Nd5 18. Nxd5 exd5 19. Rdc1 Be6 20. Rc7 Rab8
21. Kf1 Rd6 22. Rac1 h6 23. R7c5 g5 24. h4 Rb6 25. hxg5 hxg5 26. Bxd5 Bf8 27.
Bxe6 Bxc5 28. dxc5 Rxe6 29. Bxg5 Rc8 30. Rc3 Re5 31. Be3 Rd5 32. Ke2 Rc6 33. b4
Re6 34. Rc4 f5 35. Kf3 Rg6 36. b5 Rd7 37. c6 bxc6 38. bxa6 Rd8 39. Rc5 Ra8 40.
Ra5 Kf7 41. Rxf5+ Rf6 42. Rxf6+ Kxf6 43. a7 1-0

[Event "Agen_2017-Accession"]
[Site "Agen"]
[Date "2017.08.19"]
[Round "3.22"]
[White "Lamard, Guillaume"]
[Black "O'Sullivan, Thomas"]
[Result "1-0"]
[WhiteElo "2347"]
[BlackElo "2238"]
[PlyCount "91"]
[EventDate "2017.08.??"]
[EventType "swiss"]
[EventRounds "9"]
[EventCountry "FRA"]
[WhiteTeam "Cannes Echecs"]
[BlackTeam "Cercle d'Echecs de Villepinte"]

1. d4 Nf6 2. c4 g6 3. Nc3 d5 4. Nf3 Bg7 5. Bg5 Ne4 6. Bh4 Nxc3 7. bxc3 dxc4 8.
e3 b5 9. a4 c6 10. Be2 a6 11. Qb1 O-O 12. O-O Nd7 13. Qe4 Nf6 14. Bxf6 Bxf6 15.
Qxc6 Bd7 16. Qc5 Qc8 17. Qb4 Bc6 18. Nd2 Qb7 19. Bf3 Bxf3 20. Nxf3 e6 21. Rfb1
Be7 22. Qb2 Rfb8 23. Nd2 Qc6 24. Qc2 Rb6 25. axb5 Rxb5 26. Rc1 a5 27. Qa4 Rc8
28. Ra2 h5 29. h3 Kg7 30. Rca1 Bd6 31. Qc2 Qd5 32. e4 Qb7 33. e5 Be7 34. Rxa5
Rb2 35. Qe4 Bg5 36. Qxb7 Rxb7 37. Ne4 Be7 38. Ra7 Rcc7 39. Rxb7 Rxb7 40. Kf1 f5
41. exf6+ Bxf6 42. Ra6 Rc7 43. Rxe6 Bxd4 44. cxd4 c3 45. Nc5 c2 46. Re1 1-0

[Event "Agen_2017-Accession"]
[Site "Agen"]
[Date "2017.08.19"]
[Round "3.23"]
[White "De Lussac, Rainier"]
[Black "Valuet, Bertrand"]
[Result "0-1"]
[WhiteElo "2149"]
[BlackElo "2310"]
[PlyCount "62"]
[EventDate "2017.08.??"]
[EventType "swiss"]
[EventRounds "9"]
[EventCountry "FRA"]
[WhiteTeam "Chevau-légers de la Choisille"]
[BlackTeam "La tour de Juvisy"]

1. d4 Nf6 2. Nf3 d5 3. c4 e6 4. Nc3 Be7 5. Bg5 O-O 6. cxd5 Nxd5 7. Bxe7 Qxe7 8.
e4 Nxc3 9. bxc3 c5 10. Bd3 Nc6 11. O-O cxd4 12. cxd4 Rd8 13. e5 b6 14. h4 Bb7
15. Rc1 Rac8 16. Bb1 Nxd4 17. Bxh7+ Kxh7 18. Ng5+ Kh6 19. Qg4 Rc5 20. Rce1 g6
21. Nxf7+ Qxf7 22. Qg5+ Kg7 23. Qxd8 Rd5 24. Qg5 Ba6 25. Rc1 Bxf1 26. Kxf1 Nf5
27. g4 Ng3+ 28. Kg2 Ne2 29. Rc8 Rd3 30. Kf1 Ng3+ 31. Ke1 Ne4 0-1

[Event "Agen_2017-Accession"]
[Site "Agen"]
[Date "2017.08.19"]
[Round "3.24"]
[White "Ollier, Milan"]
[Black "Lever, Erwan"]
[Result "0-1"]
[WhiteElo "2253"]
[BlackElo "2134"]
[PlyCount "104"]
[EventDate "2017.08.??"]
[EventType "swiss"]
[EventRounds "9"]
[EventCountry "FRA"]
[WhiteTeam "Echiquier Médocain"]
[BlackTeam "C.E.I. Toulouse"]

1. e4 c5 2. Nf3 d6 3. d4 cxd4 4. Nxd4 Nf6 5. Nc3 a6 6. Be2 e5 7. Nb3 Be7 8. Be3
Be6 9. O-O O-O 10. f4 exf4 11. Rxf4 Nc6 12. Nd5 Bxd5 13. exd5 Ne5 14. Rb4 Qd7
15. a4 a5 16. Rb5 Bd8 17. Qd4 Re8 18. Bd2 b6 19. Rf1 Rc8 20. c3 Ng6 21. Bd3 Re5
22. Qf2 Ne4 23. Bxe4 Rxe4 24. Nd4 Ne5 25. b3 g6 26. Nf3 Ng4 27. Qg3 Ne3 28.
Bxe3 Rxe3 29. c4 Re4 30. Re1 Rxe1+ 31. Qxe1 Bc7 32. h3 Re8 33. Qf2 Qf5 34. Nd4
Qd3 35. Kh2 Re3 36. Nf3 Qe4 37. Qg3 Kg7 38. Qg5 h6 39. Qg3 Rc3 40. Qf2 Qf4+ 41.
Qg3 Qe4 42. h4 Rc1 43. h5 Qb1 44. Qg4 Rh1+ 45. Kg3 Bd8 46. hxg6 Bh4+ 47. Kf4
Qc1+ 48. Ke4 Qc2+ 49. Kf4 f5 50. Qxf5 Bg3+ 51. Kg4 h5+ 52. Kg5 Qc1+ 0-1

[Event "Agen_2017-Accession"]
[Site "Agen"]
[Date "2017.08.19"]
[Round "3.25"]
[White "Viel, Simon"]
[Black "Favarel, Julien"]
[Result "1-0"]
[WhiteElo "2220"]
[BlackElo "2247"]
[PlyCount "31"]
[EventDate "2017.08.??"]
[EventType "swiss"]
[EventRounds "9"]
[EventCountry "FRA"]
[WhiteTeam "Echecs Plus de Cherbourg-Octeville"]
[BlackTeam "Bordeaux ASPOM Echecs"]

1. e4 e5 2. Nf3 Nc6 3. Bc4 Be7 4. d4 d6 5. dxe5 Nxe5 6. Nxe5 dxe5 7. Qh5 g6 8.
Qxe5 Nf6 9. Bh6 Rg8 10. Bg5 Ng4 11. Qf4 Rf8 12. Bxe7 Qxe7 13. Nc3 c6 14. O-O-O
g5 15. Qg3 Qe5 16. Rd2 1-0

[Event "Agen_2017-Accession"]
[Site "Agen"]
[Date "2017.08.19"]
[Round "3.26"]
[White "Vidal, Llewellyn"]
[Black "Boyer, Mahel"]
[Result "1-0"]
[WhiteElo "2247"]
[BlackElo "2207"]
[PlyCount "63"]
[EventDate "2017.08.??"]
[EventType "swiss"]
[EventRounds "9"]
[EventCountry "FRA"]
[WhiteTeam "Echecs Club Montpellier"]
[BlackTeam "Echiquier Nîmois"]

1. c4 e6 2. Nf3 d5 3. g3 Nf6 4. Bg2 Be7 5. O-O O-O 6. d4 c6 7. Qc2 b6 8. Nbd2
Bb7 9. e4 Na6 10. a3 c5 11. exd5 exd5 12. dxc5 Nxc5 13. b4 Ne6 14. Ne5 Nd4 15.
Qb2 dxc4 16. Bxb7 c3 17. Qa2 Ne2+ 18. Kg2 Nxc1 19. Raxc1 cxd2 20. Rcd1 Qb8 21.
Bxa8 Qxa8+ 22. f3 Nd5 23. Qxd2 Rd8 24. Rfe1 Bf6 25. Rc1 h6 26. h4 a5 27. Nc6
Rd6 28. Ne7+ Bxe7 29. Rxe7 Qd8 30. Re2 Nxb4 31. Qe1 Qd7 32. axb4 1-0

[Event "Agen_2017-Accession"]
[Site "Agen"]
[Date "2017.08.19"]
[Round "3.27"]
[White "Lanteri, Nicolas"]
[Black "Muller, Anthony"]
[Result "0-1"]
[WhiteElo "2037"]
[BlackElo "2243"]
[PlyCount "76"]
[EventDate "2017.08.??"]
[EventType "swiss"]
[EventRounds "9"]
[EventCountry "FRA"]
[WhiteTeam "C.E.M.C. Monaco"]
[BlackTeam "Le Champ du Fou "]

1. f4 d5 2. Nf3 Nf6 3. e3 c5 4. d4 Nc6 5. c3 e6 6. Bd3 Bd6 7. O-O O-O 8. Nbd2
b6 9. Ne5 Ne7 10. Qe1 Bb7 11. Rf3 Ne4 12. Rh3 f6 13. Nef3 Ng6 14. Nh4 Rc8 15.
Nxg6 hxg6 16. Nf3 Kf7 17. Qd1 Qc7 18. Nh4 Rh8 19. Qg4 Rh6 20. Bxe4 dxe4 21.
Nxg6 f5 22. Qg5 Rxg6 23. Qh5 Qd8 24. Bd2 cxd4 25. cxd4 Rc2 26. Rg3 Qf6 27. Bc3
Bd5 28. Rg5 a5 29. Rf1 Bc4 30. Re1 Bb4 31. Bxb4 axb4 32. b3 Ba6 33. Ra1 Be2 34.
Rxg6 Qxg6 35. Qh4 Bf3 36. g3 Qh6 37. Qxh6 gxh6 38. a3 Rg2+ 0-1

[Event "Agen_2017-Accession"]
[Site "Agen"]
[Date "2017.08.19"]
[Round "3.28"]
[White "Roselle, Tristan"]
[Black "Giacomini, Hector"]
[Result "1-0"]
[WhiteElo "2134"]
[BlackElo "2226"]
[PlyCount "59"]
[EventDate "2017.08.??"]
[EventType "swiss"]
[EventRounds "9"]
[EventCountry "FRA"]
[WhiteTeam "AGJA-Echiquier Aquitaine"]
[BlackTeam "Echiquier Tourangeau"]

1. e4 c6 2. d4 d5 3. Nc3 dxe4 4. Nxe4 Bf5 5. Ng3 Bg6 6. Nf3 Nd7 7. Bd3 Ngf6 8.
O-O e6 9. c4 Bd6 10. Re1 O-O 11. Bxg6 hxg6 12. b3 Qc7 13. Bb2 Rad8 14. Qe2 Rfe8
15. Bc3 c5 16. Ne4 Be7 17. Neg5 Bf8 18. Ne5 cxd4 19. Nexf7 dxc3 20. Qc2 Ng4 21.
h3 Qh2+ 22. Kf1 Qh1+ 23. Ke2 Qxg2 24. hxg4 Qxg4+ 25. Kf1 Nf6 26. Qxg6 Qh4 27.
Nxd8 Rxd8 28. Rad1 Ng4 29. Qf7+ Kh8 30. Rxd8 1-0

[Event "Agen_2017-Accession"]
[Site "Agen"]
[Date "2017.08.19"]
[Round "3.29"]
[White "Pigeat, Alexandre"]
[Black "Pottier, Alexandre"]
[Result "1-0"]
[WhiteElo "2286"]
[BlackElo "2127"]
[PlyCount "110"]
[EventDate "2017.08.??"]
[EventType "swiss"]
[EventRounds "9"]
[EventCountry "FRA"]
[WhiteTeam "Esbarres Bonnencontre Echecs"]
[BlackTeam "C.E. de Rueil Malmaison"]

1. d4 d5 2. c4 e6 3. Nc3 a6 4. e3 dxc4 5. Bxc4 b5 6. Be2 Bb7 7. Bf3 Qc8 8. Bxb7
Qxb7 9. f3 Nf6 10. Nge2 c5 11. O-O Nc6 12. d5 exd5 13. Nxd5 Nxd5 14. Qxd5 Be7
15. b3 O-O 16. Ng3 Rfd8 17. Qe4 Na5 18. Qg4 Qd7 19. Nf5 Bf6 20. Rb1 h5 21. Qf4
g6 22. Ng3 Qd6 23. Qxd6 Rxd6 24. Ne4 Rc6 25. Rd1 Kf8 26. Rd7 Ke8 27. Rd5 c4 28.
Bd2 Bd8 29. Bxa5 Bxa5 30. bxc4 f5 31. cxb5 axb5 32. Nd6+ Ke7 33. Nxb5 Bb6 34.
Rd3 Rxa2 35. Nc3 Ra6 36. Nd5+ Kf7 37. Nb4 Bxe3+ 38. Rxe3 Rab6 39. Nxc6 Rxb1+
40. Kf2 f4 41. Re2 Kf6 42. h4 Rh1 43. Re4 Rxh4 44. Kg1 g5 45. Ne7 g4 46. Nd5+
Kf5 47. Ne7+ Kf6 48. Nc6 Kf5 49. Nd4+ Kg5 50. Re5+ Kf6 51. Rf5+ Kg6 52. Rxf4
Kg5 53. Ne6+ Kg6 54. g3 Rh3 55. Kg2 h4 1-0

[Event "Agen_2017-Accession"]
[Site "Agen"]
[Date "2017.08.19"]
[Round "3.30"]
[White "Camus, Berenger"]
[Black "Suez-Panama, Gilles"]
[Result "1-0"]
[WhiteElo "2248"]
[BlackElo "2078"]
[PlyCount "78"]
[EventDate "2017.08.??"]
[EventType "swiss"]
[EventRounds "9"]
[EventCountry "FRA"]
[WhiteTeam "Reims Echec et Mat"]
[BlackTeam "Arsenal"]

1. d4 Nf6 2. c4 g6 3. Nc3 Bg7 4. e4 d6 5. Nf3 O-O 6. Be2 e5 7. Be3 Na6 8. O-O
Ng4 9. Bg5 Qe8 10. h3 h6 11. Bh4 Nf6 12. dxe5 dxe5 13. Bxf6 Bxf6 14. Nd5 Bg7
15. c5 c6 16. Bxa6 cxd5 17. Qxd5 Rb8 18. Bc4 Be6 19. Qd3 Rd8 20. Qe2 Bc8 21.
Rfd1 Qe7 22. b4 Kh7 23. Rxd8 Rxd8 24. Rd1 Rxd1+ 25. Qxd1 f5 26. Qd5 Qe8 27. b5
fxe4 28. Nd2 e3 29. fxe3 a6 30. bxa6 bxa6 31. c6 h5 32. Ne4 Qe7 33. Qg8+ Kh6
34. Qxc8 Qa3 35. c7 Qxe3+ 36. Nf2 e4 37. Bf1 Qe1 38. Qe8 e3 39. Nd3 Qa1 1-0

[Event "Agen_2017-Accession"]
[Site "Agen"]
[Date "2017.08.19"]
[Round "3.31"]
[White "Girardon, Jerome"]
[Black "Gardet, Thomas"]
[Result "1-0"]
[WhiteElo "2160"]
[BlackElo "2007"]
[PlyCount "75"]
[EventDate "2017.08.??"]
[EventType "swiss"]
[EventRounds "9"]
[EventCountry "FRA"]
[WhiteTeam "Gueugnon Echecs"]
[BlackTeam "Echecs Club de Petit Bourg"]

1. e4 c5 2. Nf3 d6 3. c3 Nf6 4. h3 a6 5. Qc2 b5 6. d4 cxd4 7. cxd4 Bb7 8. Bd3
Nbd7 9. O-O Rc8 10. Qe2 e5 11. a4 Be7 12. axb5 axb5 13. d5 b4 14. Be3 O-O 15.
Nbd2 Nc5 16. Ra7 Nfd7 17. Rfa1 f5 18. exf5 Bxd5 19. Bc4 Bxc4 20. Qxc4+ Kh8 21.
g4 Rb8 22. Qd5 Nf6 23. Qa2 Nfd7 24. Nc4 g6 25. Bh6 gxf5 26. gxf5 Rxf5 27. Nh2
Bg5 28. Nxd6 Rf4 29. Nf7+ Rxf7 30. Qxf7 Bxh6 31. Ng4 Bd2 32. Qd5 Qg5 33. Ra8 e4
34. Qd6 Bf4 35. Rxb8+ Kg7 36. Qd4+ Be5 37. Qxe5+ Nxe5 38. Ra7+ 1-0

[Event "Agen_2017-Accession"]
[Site "Agen"]
[Date "2017.08.19"]
[Round "4.8"]
[White "Calistri, Tristan"]
[Black "Hutois, Mickael"]
[Result "1/2-1/2"]
[WhiteElo "2293"]
[BlackElo "2207"]
[PlyCount "81"]
[EventDate "2017.08.??"]
[EventType "swiss"]
[EventRounds "9"]
[EventCountry "FRA"]
[WhiteTeam "La tour de Juvisy"]
[BlackTeam "Echiquier de l'Erdre"]

1. e4 e5 2. Nf3 Nc6 3. Bb5 a6 4. Ba4 Nf6 5. O-O Be7 6. Re1 b5 7. Bb3 O-O 8. c3
d5 9. exd5 Nxd5 10. Nxe5 Nxe5 11. Rxe5 c6 12. d3 Bd6 13. Re1 Qh4 14. g3 Qh3 15.
Re4 Bd7 16. Nd2 g5 17. Qf1 Qh5 18. Bd1 Qg6 19. Nf3 f5 20. Ne5 Bxe5 21. Rxe5
Rae8 22. Rxe8 Rxe8 23. Bd2 f4 24. Bf3 g4 25. Bxd5+ cxd5 26. Bxf4 Bf5 27. Re1
Rxe1 28. Qxe1 Bxd3 29. Qe7 Qe4 30. Qd8+ Kf7 31. Qd7+ Kf6 32. Be3 Bc4 33. Bd4+
Kg6 34. h4 gxh3 35. Qxh3 Be2 36. Qd7 Bf3 37. Qg7+ Kh5 38. Qf7+ Kg4 39. Qg7+ Qg6
40. Qxg6+ hxg6 41. Kf1 1/2-1/2

[Event "Agen_2017-Accession"]
[Site "Agen"]
[Date "2017.08.19"]
[Round "4.9"]
[White "Dudognon, Thibault"]
[Black "Le Goff, Ronan"]
[Result "1-0"]
[WhiteElo "2230"]
[BlackElo "2280"]
[PlyCount "113"]
[EventDate "2017.08.??"]
[EventType "swiss"]
[EventRounds "9"]
[EventCountry "FRA"]
[WhiteTeam "CE Vitrolles"]
[BlackTeam "Echiquier de l'Erdre"]

1. c4 e6 2. g3 Nf6 3. Bg2 d5 4. Nf3 Be7 5. O-O O-O 6. d4 dxc4 7. Qc2 a6 8. a4
Bd7 9. Ne5 Bc6 10. Nxc6 Nxc6 11. e3 Na5 12. Nd2 c5 13. dxc5 Rc8 14. b4 cxb3 15.
Nxb3 Nxb3 16. Qxb3 Nd7 17. c6 bxc6 18. Rd1 Qc7 19. Bd2 Rfd8 20. Rac1 Nb8 21. a5
Rd7 22. Bc3 Qb7 23. Qc4 Rcd8 24. Rxd7 Qxd7 25. Be4 Qc7 26. h4 Bd6 27. Kg2 Be5
28. Bxh7+ Kh8 29. Be4 Bxc3 30. Qxc3 f5 31. Bf3 e5 32. h5 e4 33. Be2 Kh7 34. Qc5
Qf7 35. Qe5 Qd5 36. Qc7 Qd6 37. Qb7 Re8 38. Rd1 Qe6 39. Qc7 Rc8 40. Qf4 Rf8 41.
h6 g6 42. Rd6 Qe7 43. Rd1 c5 44. g4 fxg4 45. Qxg4 Rf5 46. Kf1 Kxh6 47. Rb1 Nd7
48. Rb7 Qe6 49. Qh3+ Kg5 50. Bg4 Qd5 51. Bxf5 gxf5 52. Qg3+ Kf6 53. Ra7 Kf7 54.
Kg2 Qd3 55. Qg5 Ke6 56. Qg6+ Nf6 57. Qf7+ 1-0

[Event "Agen_2017-Accession"]
[Site "Agen"]
[Date "2017.08.19"]
[Round "4.10"]
[White "Bilquez, Romain"]
[Black "Guidez, Yann-Michael"]
[Result "1/2-1/2"]
[WhiteElo "2219"]
[BlackElo "2271"]
[PlyCount "30"]
[EventDate "2017.08.??"]
[EventType "swiss"]
[EventRounds "9"]
[EventCountry "FRA"]
[WhiteTeam "Nogent le Roi"]
[BlackTeam "Echiquier Bordelais"]

1. e4 e5 2. Nf3 Nc6 3. d4 exd4 4. Bc4 d6 5. Nxd4 Be7 6. O-O Nf6 7. Re1 O-O 8.
Nc3 Nxd4 9. Qxd4 c6 10. a4 Ne8 11. Bf4 Bg5 12. Bg3 Bh4 13. Bf4 Bg5 14. Bg3 Bh4
15. Bf4 Bg5 1/2-1/2

[Event "Agen_2017-Accession"]
[Site "Agen"]
[Date "2017.08.19"]
[Round "4.12"]
[White "Housieaux, David"]
[Black "Coiffait, Pierre-Basile"]
[Result "1-0"]
[WhiteElo "2409"]
[BlackElo "2230"]
[PlyCount "143"]
[EventDate "2017.08.??"]
[EventType "swiss"]
[EventRounds "9"]
[EventCountry "FRA"]
[WhiteTeam "A.J.E. Noyon"]
[BlackTeam "Cannes Echecs"]

1. c4 c5 2. g3 Nf6 3. Bg2 d5 4. cxd5 Nxd5 5. Nf3 Nc6 6. Nc3 Nc7 7. O-O e5 8. a3
Be6 9. b4 cxb4 10. axb4 Be7 11. b5 Nd4 12. Rb1 Nxf3+ 13. Bxf3 Nd5 14. Bb2 O-O
15. Nxd5 Bxd5 16. Bxe5 Bxf3 17. exf3 Qd5 18. f4 Bc5 19. Qg4 f6 20. Bc3 Rad8 21.
Rfe1 Bd4 22. Re7 Rf7 23. Rxf7 Kxf7 24. Bxd4 Qxd4 25. Rc1 Qd7 26. Qh5+ Kg8 27.
Re1 g6 28. Qc5 b6 29. Qc4+ Qf7 30. d3 Qxc4 31. dxc4 Kf7 32. Kf1 Rd7 33. Re3 Rc7
34. Re4 f5 35. Rd4 Re7 36. Rd3 Rc7 37. Rd4 Re7 38. f3 Kf6 39. Rd6+ Kf7 40. Rc6
Kg7 41. Kf2 Kf7 42. g4 Re6 43. Rc8 Re8 44. Rxe8 Kxe8 45. Ke3 Ke7 46. Kd4 Kd6
47. h3 h6 48. g5 h5 49. h4 Ke6 50. c5 bxc5+ 51. Kxc5 Kd7 52. Kd5 Kc7 53. Ke6
Kb6 54. Kf7 Kxb5 55. Kxg6 a5 56. Kxh5 a4 57. g6 a3 58. g7 a2 59. g8=Q a1=Q 60.
Qd5+ Kb6 61. Qxf5 Qa8 62. Kg4 Kc7 63. Qe5+ Kd7 64. Qd4+ Kc7 65. f5 Qg8+ 66. Kf4
Qg2 67. f6 Qh2+ 68. Kf5 Qc2+ 69. Qe4 Qb3 70. h5 Qg8 71. Qe7+ Kb8 72. f7 1-0

[Event "Agen_2017-Accession"]
[Site "Agen"]
[Date "2017.08.19"]
[Round "4.13"]
[White "Favarel, Antoine"]
[Black "Sanchez, Louis"]
[Result "0-1"]
[WhiteElo "2388"]
[BlackElo "2240"]
[PlyCount "82"]
[EventDate "2017.08.??"]
[EventType "swiss"]
[EventRounds "9"]
[EventCountry "FRA"]
[WhiteTeam "L'Echiquier Chalonnais"]
[BlackTeam "Clichy-Echecs-92"]

1. d4 Nf6 2. c4 g6 3. Nf3 Bg7 4. Nc3 O-O 5. g3 d6 6. Bg2 Nc6 7. O-O e5 8. d5
Nb8 9. e4 a5 10. Ne1 Na6 11. Nd3 Nc5 12. f3 Nxd3 13. Qxd3 Nd7 14. Be3 b6 15. a3
f5 16. b4 f4 17. Bf2 h5 18. Qc2 g5 19. Rfe1 g4 20. fxg4 hxg4 21. Na4 Rf7 22. c5
bxc5 23. bxc5 Nxc5 24. Nxc5 dxc5 25. Rad1 f3 26. Bf1 Bf8 27. d6 Be6 28. dxc7
Qxc7 29. Bc4 Re8 30. Bxe6 Rxe6 31. Qc4 Rh6 32. Rd2 Qc6 33. Rb1 Kg7 34. Be3 Rd6
35. Rxd6 Qxd6 36. Qc3 Kh7 37. Kf2 Rd7 38. Rb2 Bh6 39. Bxc5 Qd1 40. Be3 Qh1 41.
Bxh6 Qxh2+ 0-1

[Event "Agen_2017-Accession"]
[Site "Agen"]
[Date "2017.08.19"]
[Round "4.14"]
[White "Muller, Anthony"]
[Black "Philippe, Guillaume"]
[Result "0-1"]
[WhiteElo "2243"]
[BlackElo "2364"]
[PlyCount "144"]
[EventDate "2017.08.??"]
[EventType "swiss"]
[EventRounds "9"]
[EventCountry "FRA"]
[WhiteTeam "Le Champ du Fou "]
[BlackTeam "L'Echiquier Chalonnais"]

1. d4 d6 2. c4 e5 3. Nf3 Nd7 4. e4 Ngf6 5. Nc3 Be7 6. Be2 O-O 7. O-O Qe8 8. Re1
Bd8 9. Bf1 c6 10. b3 Ba5 11. Bb2 Qe7 12. a3 c5 13. d5 Ng4 14. h3 Nh6 15. g4 g5
16. Qd2 f6 17. Nh4 Qg7 18. Ng2 Rd8 19. Ne3 Nf8 20. Nf5 Nxf5 21. exf5 Bd7 22.
Reb1 h5 23. b4 cxb4 24. Ne4 bxa3 25. Qxa5 axb2 26. Rxb2 Be8 27. Qb4 b6 28. Nxd6
Nd7 29. Ne4 Qf8 30. Be2 hxg4 31. hxg4 Nc5 32. Nxc5 bxc5 33. Qa5 Rd7 34. Rab1
Qd6 35. Rb7 e4 36. Rxd7 Bxd7 37. Rb3 Kf7 38. Rh3 Kg7 39. Kg2 a6 40. Qa1 Rh8 41.
Rxh8 Kxh8 42. Qa5 Be8 43. Bd1 Kg7 44. Kf1 Bf7 45. Qa3 Qf4 46. Be2 a5 47. Qxa5
Qh2 48. Ke1 Qg1+ 49. Kd2 Qxf2 50. Qc3 Qf4+ 51. Qe3 Kf8 52. Bd1 Ke7 53. Bc2 Qh2+
54. Kc3 Kd6 55. Qxe4 Qg3+ 56. Kb2 Qg1 57. Qf3 Qd4+ 58. Qc3 Qxc3+ 59. Kxc3 Be8
60. Kb3 Bd7 61. Ka3 Ke5 62. Ba4 Bc8 63. Bb5 Bxf5 64. Kb3 Bxg4 65. Kc3 f5 66.
Kd2 f4 67. Ke1 Bf5 68. Ke2 g4 69. Be8 g3 70. Kf3 Be4+ 71. Ke2 f3+ 72. Kf1 Bd3+
0-1

[Event "Agen_2017-Accession"]
[Site "Agen"]
[Date "2017.08.19"]
[Round "4.15"]
[White "Viel, Simon"]
[Black "Lamard, Guillaume"]
[Result "0-1"]
[WhiteElo "2220"]
[BlackElo "2347"]
[PlyCount "72"]
[EventDate "2017.08.??"]
[EventType "swiss"]
[EventRounds "9"]
[EventCountry "FRA"]
[WhiteTeam "Echecs Plus de Cherbourg-Octeville"]
[BlackTeam "Cannes Echecs"]

1. e4 e5 2. Nf3 Nc6 3. Bc4 Nf6 4. d4 exd4 5. e5 d5 6. Bb5 Ne4 7. Nxd4 Bc5 8.
Be3 O-O 9. Nxc6 bxc6 10. Bxc5 Nxc5 11. Bxc6 Ba6 12. Nc3 Qg5 13. Qd4 Rab8 14.
Nxd5 Ne6 15. Qe3 Qh5 16. Ne7+ Kh8 17. Bf3 Qh4 18. Nf5 Qb4+ 19. Qc3 Qxb2 20.
Qxb2 Rxb2 21. Kd2 Rb5 22. Rhe1 Rc5 23. Rab1 g6 24. Ng3 Rd8+ 25. Kc1 Nf4 26. Be4
Bd3 27. Kb2 Rxc2+ 28. Ka1 Rxf2 29. Rbd1 c5 30. Nh1 Rc2 31. g3 Rd4 32. gxf4 Bxe4
33. Rxd4 cxd4 34. Ng3 Bf3 35. Rf1 d3 36. Kb1 Bd5 0-1